(kind of hard) Sea Animals Quiz - Statistics

General Stats
  • This quiz has been taken 510 times
  • The average score is 9 of 11
Answer Stats
Hint Answer % Correct
shaped like a star starfish
94%
has pincher claws, craws around, mostly red crab
93%
sprays ink when scared squid
92%
lives in annenomees (think of nemo) clownfish
91%
most intelligant dolphin
91%
puffs up with spikes when predator is nearby pufferfish
90%
has pincher claws, crawls around, mostly red (different animal) lobster
89%
uses electric force when startled eel
79%
spikes, roundish, sharp sea urchin
58%
animal many salors think is a mermaid manatee
55%
animal who leaves eggs where the parent was born turtle
54%
No matching quizzes found
Score Distribution
Percent of People with Each Score
Percentile by Number Answered
Your Score History
You have not taken this quiz